[Event "21. Int. Chess Festival Cracovia"]
[Site "Cracovia POL"]
[Date "2010.12.30"]
[Round "4.17"]
[White "Granovskiy, Alexandr"]
[Black "Khalafova, Narmin Ilgar Qizi"]
[Result "1/2-1/2"]
[WhiteElo "2312"]
[BlackElo "2130"]
[PlyCount "97"]
[EventDate "2010.12.27"]
[EventType "swiss"]
[EventRounds "9"]
[EventCountry "PIG"]
[Source "lmi"]
[SourceDate "2010.12.27"]

1. d4 d6 2. e4 Nf6 3. Nc3 g6 4. f4 Bg7 5. Nf3 c5 6. Bb5+ Bd7 7. e5 Ng4 8. Bxd7+
Qxd7 9. d5 dxe5 10. h3 e4 11. Nxe4 Nf6 12. Nxf6+ Bxf6 13. O-O O-O 14. Be3 Na6
15. c4 e6 16. Ne5 Qd6 17. dxe6 Qxe6 18. Qd7 Qxd7 19. Nxd7 Bxb2 20. Rab1 Rfd8
21. Nxc5 Nxc5 22. Rxb2 Rac8 23. Bxc5 Rxc5 24. Rxb7 Rxc4 25. f5 g5 26. f6 h6 27.
Rf2 Ra4 28. Kh2 Rf8 29. Rd2 Ra6 30. Rbd7 Kh7 31. R7d6 Ra4 32. R6d4 Rxd4 33.
Rxd4 Ra8 34. Rd6 a5 35. a4 Kg6 36. Rb6 Kf5 37. h4 gxh4 38. Rb5+ Kxf6 39. Kh3
Re8 40. Rxa5 Re4 41. Ra8 Kg5 42. Rg8+ Kh5 43. Rf8 Re3+ 44. Kh2 Kg6 45. a5 Ra3
46. Ra8 Kf6 47. a6 Kf5 48. a7 f6 49. Kg1 1/2-1/2